Postavenie a podpora predaja slovenských potravín v maloobchode bakalárska práca

Salvato in:
Dettagli Bibliografici
Autore principale: Jasanová, Katarína
Ente Autore: Obchodná fakulta EU. Katedra tovaroznalectva a kvality tovaru
Altri autori: Krnáčová, Paulína, 1983-
Natura: Libro
Lingua:slovacco
Pubblicazione: Bratislava 2017
Tags: Aggiungi Tag
Nessun Tag, puoi essere il primo ad aggiungerne!!

MARC

LEADER 00000nbm a2200000 4500
001 0232886
005 20171003144236.6
041 0 |a slo 
044 |a SK 
245 1 0 |a Postavenie a podpora predaja slovenských potravín v maloobchode  |b bakalárska práca  |c Katarína Jasanová ; školiteľ: Paulína Krnáčová 
264 1 |a Bratislava  |c 2017 
300 |a 48 s. 
100 1 |a Jasanová, Katarína 
700 1 |a Krnáčová, Paulína, 1983- 
710 2 |a Obchodná fakulta EU. Katedra tovaroznalectva a kvality tovaru